Famous Chris - Statistics

General Stats
  • This quiz has been taken 27 times
  • The average score is 12 of 20
Answer Stats
Picture Hint Answer % Correct
In 1492, He Sailed The Ocean Blue Columbus
88%
Thor Hemsworth
84%
Comedian Rock
84%
Coldplay Martin
80%
The Original Superman Reeve
80%
Late Comedy Actor - SNL Farley
72%
Actor With Iconic Voice Walken
72%
R&B Singer Brown
68%
Back to The Future Lloyd
64%
British Filmmaker: The Dark Knight, Oppenheimer, Inception Nolan
64%
Guardians of the Galaxy / Jurassic World Pratt
64%
Captain America Evans
60%
Legendary Grunge Singer Cornell
48%
Saruman (Lord of the Rings) Lee
48%
Rush Hour - Friday Tucker
44%
Star Trek (Reboot) Pine
36%
Tennessee Whiskey Stapleton
32%
Better Known as rapper Ludacris Bridges
24%
Shooter McGavin McDonald
24%
The Highlander Lambert
20%
No matching quizzes found
Score Distribution
Percent of People with Each Score
Percentile by Number Answered
Your Score History
You have not taken this quiz